00712 2200229 4500001002100000005001500021035002000036007000300056008004100059020000600100082001100106084001700117245010800134250001100242260006000253300003200313650001800345650002400363856003400387100004400421990001700465INLIS00000000000130620260417050735 a0010-0426000004ta260417 g | ind  a- a631.61 a631.61 BRM p1 aPersiapan menghadapi Musim Kemarau untuk Pengamanan Produksi /cBRMP Agroklimat dan Hidrologi Pertanian aCet. 1 aBogor :bBRMP Agroklimat dan Hidrologi Pertanian,c2026 a31 hlm. :bill .; tab.eppt 4aMusim Kemarau 4aPengamanan Produksi aPerpustakaan Sekretariat BRMP0 aBRMP Agroklimat dan Hidrologi Pertanian a3521/2026/CD